| 000 | 00473nam a2200169Ia 4500 | ||
|---|---|---|---|
| 008 | 151213s9999 xx 000 0 und d | ||
| 020 | _a81763517303 | ||
| 100 | _aC. L. Smith & M.C. Ananda Sen | ||
| 245 |
_aDatabase Programing With Visual Basic - 6 _cC. L. Smith & M.C. Ananda Sen |
||
| 250 | _a1st | ||
| 260 |
_aNew Delhi _bTechmedia _c1999 |
||
| 300 | _a4144 p. | ||
| 650 | _aComputer | ||
| 650 | _aComputer | ||
| 700 | _aC. L. Smith & M.C. Ananda Sen | ||
| 999 |
_c2579 _d2579 |
||